00889 2200313 4500001002100000005001500021035002000036007000300056040001700059100002900076245006000105250001200165300003600177504002400213041000800237082001500245084002100260090002800281264003800309336002100347337003000368338002300398650001900421700003600440850001000476008004100486990002400527990002400551INLIS00000000000746420260602111817 a0010-0822000438ta aSBPUPADbind0 aUgan T. AcengePengarang1 aMengenal Makanan Tradisional Indonesia /cUgan T. Aceng a.-cet.1 a68 hlm :bilus. ;c21 x 14,5 cm aBibliografi, hlm 6807aind a641.595.98 a641.595.98 UGA m a641.595.98 UGA m L20-9 a.--Bandung :bPringgandani,c2008 2rdacontentateks 2rdamediaatanpa perantara 2rdacarrieravolume 4aKuliner Daerah aEditor, Rissa YanuarePengarang aPUPAD260602 0  a657/S/KAPD-PDG/2012 a650/S/KAPD-PDG/2012